|
|
|
|
| LEADER |
00000nab a2200000 a 4500 |
| 001 |
vtls010507709 |
| 003 |
SK-MaSNL |
| 005 |
20260303090538.0 |
| 008 |
130503c2013 xo wr 0 0slo |
| 038 |
|
|
|a SLLK
|
| 040 |
|
|
|a SLLK
|b slo
|c sllk
|e AACR2
|
| 041 |
|
|
|a slo
|
| 044 |
|
|
|a xo
|c SK
|
| 080 |
|
|
|a 027.53
|2 2001
|
| 080 |
|
|
|a 379.824
|2 2001
|
| 080 |
|
|
|a 665.15/.18
|2 2001
|
| 245 |
0 |
0 |
|a Zberateľská vášeň menom sviečka
|c Text a foto (eh)
|
| 300 |
|
|
|b Fotogr.
|
| 610 |
2 |
7 |
|a Ľubovnianska knižnica (Stará Ľubovňa, Slovensko)
|2 SNKKA
|9 33809
|
| 648 |
|
7 |
|a 2013
|2 SNK
|9 324251
|
| 650 |
0 |
7 |
|a zberateľstvo
|2 SNKPH
|9 2899
|
| 650 |
0 |
7 |
|a výstavy
|2 SNKPH
|9 2780
|
| 650 |
0 |
7 |
|a sviečky
|2 SNKPH
|9 30405
|
| 651 |
|
7 |
|a Stará Ľubovňa (Slovensko)
|2 SNKPHgeo
|9 19193
|
| 651 |
|
7 |
|a Mošovce (Turčianske Teplice, Slovensko)
|2 SNKPHgeo
|9 72655
|
| 773 |
0 |
|
|t Ľubovnianske noviny
|g Roč. XXXVIII, č. 11 (2013), s. 4
|x 1338-0346
|
| 852 |
|
|
|a SLLK
|b KIS3GCP
|
| 999 |
|
|
|c 1803741
|d 1805671
|